Statistics for Answers Contain the Word "Big"

Click here to take the quiz!

General Stats

  • This quiz has been taken 89,317 times
    (38,591 since last reset)
  • The average score is 12 of 20

Answer Stats

ClueAnswer% Correct
Birth of the universeBig Bang
97%
Nickname of New York CityBig Apple
95%
Nickname of the bell in the tower
of the Palace of Westminster
Big Ben
93%
Lion, tiger, leopard, etc...Big Cat
86%
Two patties, special sauce,
sesame seed bun, etc...
Big Mac
81%
Another name for a sasquatchBigfoot
79%
Adversary of Little Red Riding HoodBig Bad Wolf
76%
"Sesame Street" characterBig Bird
76%
Person who is always watching in
the book "Nineteen Eighty-Four"
Big Brother
69%
Technically not a constellation itself,
just a part of Ursa Major
Big Dipper
59%
Crime of having two spousesBigamy
54%
Ruler of a small pondBig Fish
50%
Style of music of Count Basie
or Glenn Miller
Big Band
49%
Nickname of New OrleansBig Easy
45%
Large tent that holds a circusBig Top
45%
Body part whose medical name is HalluxBig Toe
44%
Type of American wild sheepBighorn
39%
A euphemism for death, or the title of a
1946 Humphrey Bogart movie
Big Sleep
30%
Hawaiian hotshotBig Kahuna
29%
V.I.P. with a large toupee?Bigwig
27%

Score Distribution

Percentile by Number Answered

Percent of People with Each Score

Your Score History

You have not taken this quiz since the last reset